Statistics for Biggest Cities in the European Union by Letter - E

Click here to take the quiz!

General Stats

  • This quiz has been taken 188 times
  • The average score is 7 of 20

Answer Stats

RankPopulationCountryHintCity% Correct
2481,000United KingdomCapital of ScotlandEdinburgh
98%
1583,000GermanyZeche ZollvereinEssen
92%
5227,000NetherlandsPhilipsEindhoven
83%
3275,000FinlandSuburb of HelsinkiEspoo
60%
4228,000SpainCosta BlancaElche
46%
9122,000United KingdomCity in Devon, Motto: Semper fidelisExeter
46%
6210,000GermanyKrämerbrückeErfurt
42%
7158,000NetherlandsFireworks disasterEnschede
33%
2072,000DenmarkWest JutlandEsbjerg
30%
10113,000United KingdomBeach town with Victorian hotelsEastbourne
29%
1788,000Spain"The Port of Saint Mary", in SpanishEl Puerto de Santa María
23%
13108,000GermanyBavarian city near NurembergErlangen
23%
12108,000NetherlandsNortheast NetherlandsEmmen
20%
11113,000Netherlands3-Letter locationEde
19%
14104,000SwedenLarge Sweden Finn populationEskilstuna
19%
1591,000GermanyStuttgart suburbEsslingen am Neckar
18%
1975,000United KingdomScotland's first new townEast Kilbride
16%
8122,000PolandWas part of the Hanseatic LeagueElbląg
16%
1880,000United KingdomHampshire town near SouthamptonEastleigh
15%
1689,000SpainFruits and vegetablesEl Ejido
11%

Score Distribution

Percentile by Number Answered

Percent of People with Each Score

Your Score History

You have not taken this quiz